000
00226nam a22000857a 4500
008
160624b xxu||||| |||| 00| 0 eng d
100
_9
1073
_a
Lewis, B
245
_a
The Double Dabble Surprise
260
_a
Minnesota
_b
BethaN.Y House
_c
1933
999
_c
859
_d
859